00499 2200193 4500001002100000005001500021035002000036245006000056100001200116250001700128300003200145700001800177700001900195260003300214082001000247084001600257020002200273600001000295INLIS00000000000047520240723055718 a0010-07240000301 aBeternak Itik /cWahyudi, Diah Rahmatia, Pipit Pitriana0 aWahyudi aCetakan ke-5 aiv, 43 hlm :bilus ;c21 cm0 aDiah Rahmatia0 aPipit Pitriana aJakarta :bAzka Press,c2006 a636.5 a636.5 WAH b a978-979-121-122-1 4aFiksi